| 000 | 00435nam a22001817a 4500 | ||
|---|---|---|---|
| 005 | 20230904175358.0 | ||
| 008 | 230904b |||||||| |||| 00| 0 eng d | ||
| 082 |
_a658 _bWEI-H |
||
| 100 | _aWeihrich,Heinz | ||
| 245 |
_aManagement _bA Global and Enterpreneurial Perespective |
||
| 250 | _a13.ed. | ||
| 260 | _aUSA | ||
| 300 | _a537 | ||
| 500 | _aInclude index | ||
| 650 | _amanagement | ||
| 700 | _aHeinz Weihrich | ||
| 999 |
_c33419 _d33419 |
||